<?xml version="1.0" encoding="UTF-8"?><?xml-stylesheet type="text/xsl" href="static/style.xsl"?><OAI-PMH xmlns="http://www.openarchives.org/OAI/2.0/" xmlns:xsi="http://www.w3.org/2001/XMLSchema-instance" xsi:schemaLocation="http://www.openarchives.org/OAI/2.0/ http://www.openarchives.org/OAI/2.0/OAI-PMH.xsd"><responseDate>2026-04-14T02:49:40Z</responseDate><request verb="GetRecord" identifier="oai:www.recercat.cat:20.500.14342/5201" metadataPrefix="marc">https://recercat.cat/oai/request</request><GetRecord><record><header><identifier>oai:recercat.cat:20.500.14342/5201</identifier><datestamp>2025-04-01T13:43:28Z</datestamp><setSpec>com_2072_482405</setSpec><setSpec>com_2072_183628</setSpec><setSpec>col_2072_482410</setSpec></header><metadata><record xmlns="http://www.loc.gov/MARC21/slim" xmlns:dcterms="http://purl.org/dc/terms/" xmlns:xsi="http://www.w3.org/2001/XMLSchema-instance" xmlns:doc="http://www.lyncode.com/xoai" xsi:schemaLocation="http://www.loc.gov/MARC21/slim http://www.loc.gov/standards/marcxml/schema/MARC21slim.xsd">
   <leader>00925njm 22002777a 4500</leader>
   <datafield ind2=" " ind1=" " tag="042">
      <subfield code="a">dc</subfield>
   </datafield>
   <datafield ind2=" " ind1=" " tag="720">
      <subfield code="a">Gómez, Iván</subfield>
      <subfield code="e">author</subfield>
   </datafield>
   <datafield ind2=" " ind1=" " tag="260">
      <subfield code="c">2024</subfield>
   </datafield>
   <datafield ind2=" " ind1=" " tag="520">
      <subfield code="a">La escritora Remedios Zafra se ha convertido en un referente de los estudios sobre cultura digital en España. Zafra ha indagado en diferentes textos sobre cómo la identidad personal se ha visto moldeada y modificada por el impacto de la digitalización de nuestros entornos cotidianos, tanto de ocio como laborales, y lo ha hecho potenciando la perspectiva de género. Para personalizar la experiencia de la precariedad Zafra inventa una suerte de doble autoficcional (de nombre Sibila) en su obra El entusiasmo: precariedad y trabajo creativo en la era digital (2017). La voz de la ensayista y la conciencia de Sibila se van entrelazando a lo largo de un texto que contextualiza y disecciona esa precariedad a través de herramientas complementarias que provienen de la sociología, la economía y los estudios de género. El propósito del artículo es analizar críticamente los mecanismos de esta doble precarización desde una perspectiva que integre herramientas complementarias a las utilizadas por Zafra. Para ello recurriremos también a otras obras de la autora, como Netianas (2005), Un cuarto propio conectado (2010), (h)adas: mujeres que crean, programan, prosumen, teclean (2013) y el más reciente Frágiles (2021), así como a las ideas de otros autores que han explorado el fuerte componente desmaterializador que tiene la tecnología digital, como Paul Mason (2016) o Éric Sadin (2018), y los riesgos que supone para el desarrollo del sujeto.</subfield>
   </datafield>
   <datafield ind1="8" ind2=" " tag="024">
      <subfield code="a">http://hdl.handle.net/20.500.14342/5201</subfield>
   </datafield>
   <datafield ind1="8" ind2=" " tag="024">
      <subfield code="a">https://doi.org/10.15581/008.40.2.559-86</subfield>
   </datafield>
   <datafield tag="653" ind2=" " ind1=" ">
      <subfield code="a">Cultura digital</subfield>
   </datafield>
   <datafield tag="653" ind2=" " ind1=" ">
      <subfield code="a">Autoficció</subfield>
   </datafield>
   <datafield tag="653" ind2=" " ind1=" ">
      <subfield code="a">Gènere</subfield>
   </datafield>
   <datafield tag="653" ind2=" " ind1=" ">
      <subfield code="a">Precarietat</subfield>
   </datafield>
   <datafield ind2="0" ind1="0" tag="245">
      <subfield code="a">Cultura digital, autoficción, género y precariedad en «El entusiasmo» de Remedios Zafra</subfield>
   </datafield>
</record></metadata></record></GetRecord></OAI-PMH>